000 01141cad a22002295a 4500
001 L145821
008 081111s2008 xxkad f s 000 0 eng d
035 _a(Sirsi) u145821
041 0 _aeng
050 0 4 _a333.33 $2 18
110 2 _aAtisreal
_95337
245 0 0 _aEuropean markets at a glance
_bsecond quarter 2008
_h[electronic resource]
260 _a[S.l.]
_bAtisreal
_c2008
490 0 _aEuropean Markets at a Glance
_vSecond Quarter 2008
520 _aReports that the European Investment Market Index fell by 22% for the third consecutive quarter, in the second quarter of 2008. The European Prime Yield Index increased again during the same period. Finds that the European Office Take-Up Index fell by 7% in Q2, but not in German Cities which enjoyed their best half year yet. Expects European real estate markets to move back to 2005 levels.
590 _aKA
650 2 4 _aEUROPEAN MARKETS AT A GLANCE
651 4 _aEurope
690 _aPROPERTY-COMMERCIAL PROPERTY-COMMERCIAL PROPERTY MARKET
856 4 0 _uhttps://www.atisreal.com
_zView this report free of charge under market research at www.atisreal.com...
942 _n0
999 _c108933
_d108933